Diseño automatizado de sistemas digitales
Zapisane w:
| 1. autor: | |
|---|---|
| Kolejni autorzy: | |
| Format: | Książka |
| Wydane: |
1988
|
| Hasła przedmiotowe: | |
| Etykiety: |
Dodaj etykietę
Nie ma etykietki, Dołącz pierwszą etykiete!
|
MARC
| LEADER | 00000nam a2200000Ia 4500 | ||
|---|---|---|---|
| 003 | 004819 | ||
| 005 | 20221231144343.0 | ||
| 008 | 140114s1988 cr a m 000 ||s d | ||
| 040 | |c cru CEDI | ||
| 090 | |a TFG 2134 | ||
| 100 | |a Ramírez Artavia, Gilbert |9 13549 | ||
| 245 | |a Diseño automatizado de sistemas digitales | ||
| 260 | |c 1988 | ||
| 300 | |a 2 volúmenes : ilustraciones ; 27 cm | ||
| 500 | |a Proyecto de graduación (licenciatura en ingeniería eléctrica)--Universidad de Costa Rica. Facultad de Ingeniería. Escuela de Ingeniería Eléctrica | ||
| 650 | |x ELECTRONICA DIGITAL |9 13551 | ||
| 700 | |9 13550 |a Saurez Meseguer, Marcial | ||
| 942 | |c TFG | ||
| 999 | |c 20615 |d 20615 | ||
